00911nab a22001817a 4500003000400000005001700004008004100021040000700062100002900069245010900098260007200207300001300279505018000292505008900472650001800561650003100579773011900610OSt20260121181920.0190502c xxu||||| |||| 00| 0 spa d cPJ aTraversone, Juan Franco 1 aDebate sobre la garantía de doble conforme en el sistema judicial argentino /cJuan Franco Traversone. aCiudad Autónoma de Buenos Aires :bThomson Reuters La Ley,c2024. ap. 42-50 aAnálisis jurisprudencial del procesamiento con enfoque en el doble conforme: evaluación a partir del precedente “Diez” y el reciente fallo “Juárez” de la CSJN.  t¿Te interesa el texto completo? Solicitalo al correo: koha@justierradelfuego.gov.ar 0aDERECHO PENAL 0aFALLOS DE LA CORTE SUPREMA0 02729dBuenos Aires : LexisNexis, 2006-tRevista de derecho penal y procesal penal. Nº 3 - Marzo 2024z9875920622